• 首页
  • 本馆介绍
  • 公告通知
  • 最新文献
  • 馆藏检索
  • 电子资源
  • 读者荐购
  • 参考咨询
  • CALIS
  • 我的图书馆
  • 登录
  • 详细信息显示
  • 放入我的书架
  • 预约/预借图书
  • 作者相关作品
  • 分类相关作品
  • 丛书相关作品
  • 出版社相关作品

书目信息

  • 表格格式
  • 工作单格式
  • 卡片格式
题名:
古建筑木结构性能退化研究
    
 
作者: 谢启芳 , 张利朋 , 张保壮 著
分册:  
出版信息: 北京   中国建筑工业出版社  2025.03
页数: 265页
开本: 27cm
丛书名:
单 册:
中图分类: TU366.2 , TU746.3
科图分类:
主题词: 木结构--mu jie gou--古建筑--修缮加固
电子资源:
ISBN: 978-7-112-30056-3
 
 
 
 
 
000 01464nam0 2200277 450
001 91136
005 20250816164016.10
010    @a978-7-112-30056-3@b精装@dCNY98.00
100    @a20250410d2025 em y0chiy50 ea
101 0  @achi
102    @aCN@b110000
105    @aak a 000yy
106    @ar
200 1  @a古建筑木结构性能退化研究@Agu jian zhu mu jie gou xing neng tui hua yan jiu@f谢启芳, 张利朋, 张保壮著
210    @a北京@c中国建筑工业出版社@d2025.03
215    @a265页@c图@d27cm
320    @a有书目 (第258-265页)
330    @a本书通过试验研究和理论分析介绍了古建筑木结构材料、构件、节点、整体结构的力学性能与抗震性能的退化规律。全书共分15章, 主要内容包括: 古建筑木结构残损分析 ; 腐朽、老化木材力学性能退化研究 ; 高温后木材力学性能退化研究 ; 自然干裂木梁受弯性能退化研究 ; 自然干裂木梁受剪性能退化研究 ; 自然干裂木柱受力性能退化研究 ; 腐朽木柱受压性能退化研究 ; 腐朽、拔榫直榫节点抗震性能退化研究 ; 腐朽、虫蛀燕尾榫节点抗震性能退化研究 ; 腐朽柱脚抗震性能退化研究 ; 松动直榫节点抗震性能退化研究 ; 松动致斜直榫节点抗震性能退化研究 ; 受力致斜直榫节点抗震性能退化研究、歪闪斗棋节点抗震性能退化研究 ; 整体平面抗侧力体系性能退化研究 一一 以木构架倾斜为例。
606 0  @a木结构@Amu jie gou@x古建筑@x修缮加固
690    @aTU366.2@v5
690    @aTU746.3@v5
701  0 @a谢启芳@Axie qi fang@4著
701  0 @a张利朋@Azhang li peng@4著
701  0 @a张保壮@Azhang bao zhuang@4著
801  0 @aCN@c20250909
905    @a河南城建学院图书馆@dTU366.2@eX450@f1
    
    古建筑木结构性能退化研究/谢启芳, 张利朋, 张保壮著.-北京:中国建筑工业出版社,2025.03
    265页:图;27cm
    
    
    ISBN 978-7-112-30056-3(精装):CNY98.00
    本书通过试验研究和理论分析介绍了古建筑木结构材料、构件、节点、整体结构的力学性能与抗震性能的退化规律。全书共分15章, 主要内容包括: 古建筑木结构残损分析 ; 腐朽、老化木材力学性能退化研究 ; 高温后木材力学性能退化研究 ; 自然干裂木梁受弯性能退化研究 ; 自然干裂木梁受剪性能退化研究 ; 自然干裂木柱受力性能退化研究 ; 腐朽木柱受压性能退化研究 ; 腐朽、拔榫直榫节点抗震性能退化研究 ; 腐朽、虫蛀燕尾榫节点抗震性能退化研究 ; 腐朽柱脚抗震性能退化研究 ; 松动直榫节点抗震性能退化研究 ; 松动致斜直榫节点抗震性能退化研究 ; 受力致斜直榫节点抗震性能退化研究、歪闪斗棋节点抗震性能退化研究 ; 整体平面抗侧力体系性能退化研究 一一 以木构架倾斜为例。
●
相关链接 在E读中查询图书 在当当中查询图书 在豆瓣中查询图书


正题名:古建筑木结构性能退化研究     索取号:TU366.2/X450         预约/预借

序号 登录号 条形码 馆藏地/架位号 状态 备注
1 1625098   216250982   建筑库101/101建筑库 84排3列3层/ [索取号:TU366.2/X450] 在馆    
河南城建学院图书馆 欢迎您!
大连网信软件有限公司© 版权所有